The law of contract (Seventh edition) (Record no. 80636)
[ view plain ]
| 000 -LEADER | |
|---|---|
| fixed length control field | 01254nam a2200241 a 4500 |
| 008 - FIXED-LENGTH DATA ELEMENTS--GENERAL INFORMATION | |
| fixed length control field | 210503s2016 ||||||||||||||||| || u |
| 020 ## - INTERNATIONAL STANDARD BOOK NUMBER | |
| International Standard Book Number | 9780198748816 |
| 050 ## - LIBRARY OF CONGRESS CALL NUMBER | |
| Classification number | KD 130 Osu |
| 100 ## - MAIN ENTRY--PERSONAL NAME | |
| Personal name | Hilliard, Jonathan |
| 245 14 - TITLE STATEMENT | |
| Title | The law of contract (Seventh edition) |
| Statement of responsibility, etc. | By Janet O'Sullivan and Jonathan Hilliard |
| 250 ## - EDITION STATEMENT | |
| Edition statement | Seventh edition |
| 260 ## - PUBLICATION, DISTRIBUTION, ETC. | |
| Place of publication, distribution, etc. | Oxford |
| Name of publisher, distributor, etc. | Oxford University Press |
| Date of publication, distribution, etc. | 2016 |
| 300 ## - PHYSICAL DESCRIPTION | |
| Extent | xxxviii, 503 pages |
| 650 ## - SUBJECT ADDED ENTRY--TOPICAL TERM | |
| Topical term or geographic name entry element | CONTRACT LAW--GREAT BRITAIN |
| 650 ## - SUBJECT ADDED ENTRY--TOPICAL TERM | |
| Topical term or geographic name entry element | CONTRACTS--ENGLAND |
| 650 ## - SUBJECT ADDED ENTRY--TOPICAL TERM | |
| Topical term or geographic name entry element | CONTRACTS--WALES |
| 650 ## - SUBJECT ADDED ENTRY--TOPICAL TERM | |
| Topical term or geographic name entry element | CONTRACTS |
| 700 ## - ADDED ENTRY--PERSONAL NAME | |
| Personal name | O'Sullivan, Janet |
| 995 ## - | |
| -- | MAIN LIBRARY OPEN ACCESS |
| -- | 46.38 |
| -- | 751004 |
| -- | CBU-MAIN LIBRARY (Kitwe) |
| -- | KD 130 Osu |
| -- | 4 |
| -- | AVAILABLE |
| -- | May 3, 2021 |
| -- | 751004 |
| -- | Main Library Open Access Collection |
| 995 ## - | |
| -- | MAIN LIBRARY OPEN ACCESS |
| -- | 46.38 |
| -- | 751001 |
| -- | CBU-MAIN LIBRARY (Kitwe) |
| -- | KD 130 Osu |
| -- | 1 |
| -- | AVAILABLE |
| -- | May 3, 2021 |
| -- | 751001 |
| -- | Main Library Open Access Collection |
| 995 ## - | |
| -- | MAIN LIBRARY OPEN ACCESS |
| -- | 46.38 |
| -- | 751002 |
| -- | CBU-MAIN LIBRARY (Kitwe) |
| -- | KD 130 Osu |
| -- | 2 |
| -- | AVAILABLE |
| -- | May 3, 2021 |
| -- | 751002 |
| -- | Main Library Open Access Collection |
| 995 ## - | |
| -- | MAIN LIBRARY OPEN ACCESS |
| -- | 46.38 |
| -- | 751003 |
| -- | CBU-MAIN LIBRARY (Kitwe) |
| -- | KD 130 Osu |
| -- | 3 |
| -- | AVAILABLE |
| -- | May 3, 2021 |
| -- | 751003 |
| -- | Main Library Open Access Collection |
| 999 ## - | |
| -- | 80636 |
| -- | 80636 |
| Withdrawn status | Lost status | Source of classification or shelving scheme | Damaged status | Not for loan | Permanent Location | Current Location | Shelving location | Date acquired | Total Checkouts | Full call number | Barcode | Date last seen | Copy number | Price effective from | Koha item type | Date last checked out | Total Renewals |
|---|---|---|---|---|---|---|---|---|---|---|---|---|---|---|---|---|---|
| CBU-MAIN LIBRARY, KITWE. | CBU-MAIN LIBRARY, KITWE. | 06/30/2023 | KD 130 Osu | 751004 | 06/30/2023 | 1 | 06/30/2023 | MONOGRAPH | |||||||||
| CBU-MAIN LIBRARY, KITWE. | CBU-MAIN LIBRARY, KITWE. | 06/30/2023 | KD 130 Osu | 751001 | 06/30/2023 | 2 | 06/30/2023 | MONOGRAPH | |||||||||
| CBU-MAIN LIBRARY, KITWE. | CBU-MAIN LIBRARY, KITWE. | 06/30/2023 | 1 | KD 130 Osu | 751002 | 08/07/2024 | 3 | 06/30/2023 | MONOGRAPH | 07/24/2024 | |||||||
| CBU-MAIN LIBRARY, KITWE. | CBU-MAIN LIBRARY, KITWE. | 06/30/2023 | 2 | KD 130 Osu | 751003 | 03/10/2025 | 4 | 06/30/2023 | MONOGRAPH | 02/19/2025 | 1 |